Pokémon - Les attaques de Melmetal - Statistiques

Statistiques générales
  • Ce quiz a été pris 11 fois
  • Le résultat moyen est 10 sur 15
Statistiques - réponses
Niveaux Types Noms des attaques % Correct
Départ Électrique Éclair
100%
Niveau 88 Acier Écrous d'Poing
100%
Niveau 40 Acier Luminocanon
100%
Niveau 32 Poison Acidarmure
83%
Niveau 24 Électrique Cage Éclair
83%
Départ Évolution Électrique Poing Éclair
83%
Niveau 96 Normal Ultralaser
83%
Départ Normal Coup d'Boule
67%
Niveau 64 Électrique Coup d'Jus
67%
Départ Normal Armure
50%
Niveau 72 Combat Dynamo-Poing
50%
Niveau 80 Combat Surpuissance
50%
Niveau 48 Normal Ultimapoing
50%
Niveau 56 Normal Abri
17%
Départ Normal Mimi-Queue
17%
Aucun quiz correspondant
Distribution des résultats
% des personnes avec chaque résultat
Percentile par nombre de réponses
Votre historique - résultats
Vous n’avez pas pris ce quiz